Italian Cities With More than 150,000 People - Statistics

General Stats
  • This quiz has been taken 301 times
  • The average score is 18 of 27
Answer Stats
Population Answer % Correct
1,351,562 Milan
100%
2,873,494 Rome
100%
970,185 Naples
99%
886,837 Turin
96%
261,905 Venice
93%
382,258 Florence
92%
583,601 Genoa
92%
673,765 Palermo
91%
388,367 Bologna
89%
324,198 Bari
86%
257,353 Verona
82%
313,396 Catania
77%
204,234 Trieste
74%
194,417 Parma
70%
154,039 Cagliari
66%
196,670 Brescia
64%
236,962 Messina
63%
184,727 Modena
61%
199,561 Taranto
54%
209,829 Padua
52%
158,916 Livorno
48%
166,676 Perugia
41%
159,057 Ravenna
40%
192,469 Prato
38%
151,726 Foggia
35%
182,551 Calabria
8%
171,491 Emilia
7%
No matching quizzes found
Score Distribution
Percent of People with Each Score
Percentile by Number Answered
Your Score History
You have not taken this quiz